| 000 | 00694cab a2200241 4500 | ||
|---|---|---|---|
| 001 | WB3023-29 | ||
| 008 | 090401t1994 xxu||||| |||| 00| 0 eng d | ||
| 035 | _a(Sirsi) u71394 | ||
| 041 | _aeng | ||
| 245 | _aNational service to civvy street | ||
| 260 | _c1994 | ||
| 350 | _a0 | ||
| 490 |
_aIndependent _v11 June 1994, 40(1) |
||
| 520 | _aRedundant MoD properties are proving popular on the market when refurbished as private dwellings. | ||
| 650 | _aAIRFIELDS | ||
| 650 | _aBARRACKS | ||
| 650 | _aDEFENCE PROPERTY | ||
| 650 | _aMARRIED QUARTERS | ||
| 650 | _aRAF BASES | ||
| 690 | _aPROPERTY-RESIDENTIAL PROPERTY-RESIDENTIAL PROPERTY MARKET | ||
| 942 | _n0 | ||
| 948 | _c04/03/1997 | ||
| 999 |
_c44999 _d44999 |
||